[Event "Niedersachsen-chT U16"]
[Site "Verden"]
[Date "2004.05.22"]
[Round "6.2"]
[White "Bussas, Michael"]
[Black "Seemann, Semjon"]
[Result "0-1"]
[WhiteElo "1523"]
[BlackElo "1642"]
[PlyCount "60"]
[EventDate "2004.05.20"]
[EventType "team"]
[EventRounds "7"]
[EventCountry "GER"]
[SourceTitle "EXT 2005"]
[Source "ChessBase"]
[SourceDate "2004.11.15"]
[SourceVersion "1"]
[SourceVersionDate "2004.11.15"]
[SourceQuality "1"]
[WhiteTeam "03"]
[BlackTeam "04"]
[WhiteTeamCountry "GER"]
[BlackTeamCountry "GER"]

1. e4 e6 2. d4 d5 3. exd5 exd5 4. Bd3 Bd6 5. c4 Ne7 6. Nc3 dxc4 7. Bxc4 0-0 8. Nge2 a6 9. Qc2 Bf5 10. Bd3 Bxd3 11. Qxd3 Ng6 12. 0-0 c5 13. Kh1 Nc6 14. Be3 Qh4 15. g3 Qh3 16. dxc5 Nce5 17. Qd5 Ng4 18. Qg2 Qxg2+ 19. Kxg2 Nxe3+ 20. fxe3 Bxc5 21. e4 Rfe8 22. Nf4 Ne5 23. Rad1 Nc4 24. Ncd5 Rxe4 25. Kf3 Rae8 26. Nd3 Ba7 27. b3 Ne3 28. Rfe1 f5 29. Nxe3 Rxe3+ 30. Kf4 g6 0-1

[Event "Niedersachsen-chT U14"]
[Site "Verden"]
[Date "2001.05.25"]
[Round "3.4"]
[White "Juenemann, Marcel"]
[Black "Bussas, Michael"]
[Result "1-0"]
[WhiteElo "1141"]
[BlackElo "1089"]
[PlyCount "27"]
[EventDate "2001.05.??"]
[EventType "team"]
[EventRounds "7"]
[EventCountry "GER"]
[SourceTitle "EXT 2003"]
[Source "ChessBase"]
[SourceDate "2002.11.25"]
[SourceVersion "1"]
[SourceVersionDate "2002.11.25"]
[SourceQuality "1"]

1. e4 e5 2. Nf3 Nc6 3. Bc4 Bc5 4. c3 Nf6 5. d4 exd4 6. cxd4 Bb4+ 7. Bd2 Qe7 8. 0-0 d6 9. Bxb4 Nxb4 10. Qa4+ Nc6 11. d5 Bd7 12. dxc6 bxc6 13. Re1 Nxe4 14. Bd3 1-0

[Event "Niedersachsen-chT U14"]
[Site "Verden"]
[Date "2001.05.24"]
[Round "1.4"]
[White "Bussas, Michael"]
[Black "Sackbrook, Sara"]
[Result "1-0"]
[WhiteElo "1089"]
[BlackElo "983"]
[PlyCount "105"]
[EventDate "2001.05.??"]
[EventType "team"]
[EventRounds "7"]
[EventCountry "GER"]
[SourceTitle "EXT 2003"]
[Source "ChessBase"]
[SourceDate "2002.11.25"]
[SourceVersion "1"]
[SourceVersionDate "2002.11.25"]
[SourceQuality "1"]

1. e4 e5 2. Nf3 Nc6 3. Bc4 Bc5 4. d3 h6 5. 0-0 Nf6 6. Nc3 d6 7. h3 0-0 8. Be3 Be6 9. Nd5 Nb4 10. Bxc5 dxc5 11. Nxe5 c6 12. Nxb4 cxb4 13. c3 bxc3 14. bxc3 c5 15. Rb1 b6 16. Nc6 Qc7 17. Qa4 Bxc4 18. dxc4 Nxe4 19. Rbc1 Rfc8 20. Rfe1 Qxc6 21. Qxc6 Rxc6 22. Rxe4 Rd6 23. f3 Rad8 24. Re7 Rd1+ 25. Rxd1 Rxd1+ 26. Kh2 Rc1 27. Rxa7 Rxc3 28. Rb7 Rxc4 29. Rxb6 Rc1 30. Rb8+ Kh7 31. g4 Rc2+ 32. Kg3 Rxa2 33. Rb7 f6 34. Rc7 Rc2 35. Kf4 Kg6 36. Ke3 Kg5 37. Rxg7+ Kh4 38. Rg6 Kxh3 39. Rxh6+ Kg3 40. Rxf6 Rc3+ 41. Ke4 c4 42. g5 Rb3 43. g6 Rb8 44. Kd4 Rc8 45. Kc3 Kh4 46. f4 Kh5 47. f5 Kh6 48. Rf7 Rg8 49. Kxc4 Kg5 50. Kd5 Re8 51. g7 Rg8 52. f6 Kg6 53. Rf8 1-0